Diccionario pocket español-portugués - português-espanhol (Registro nro. 7479)
[ vista simple ]
| 000 -Cabecera | |
|---|---|
| Campo de control de longitud fija | 00471nam a22001817a 4500 |
| 005 - Fecha y hora de la última transacción | |
| Campo de control | 20250219143932.0 |
| 008 - Elementos de longitud fija--Información general | |
| Campo de control de longitud fija | 160122b2003 xxu||||| |||| 00| 0 spa d |
| 041 ## - Idioma | |
| Código de idioma | Español |
| -- | Portugués |
| 082 ## - Clasificación Decimal Dewey | |
| Número de clasificación | R 469.361 D545d |
| 245 ## - Título propiamente dicho | |
| Título | Diccionario pocket español-portugués - português-espanhol |
| 260 ## - Pie de imprenta | |
| Lugar de publicación, distribución, etc. | México |
| Nombre del editor, distribuidor, etc. | Larouse |
| Fecha de publicación, distribución, etc. | 2003 |
| 300 ## - Descripción física | |
| Extensión | 376 páginas |
| 650 ## - Materia general | |
| Temática (materia general) | ESPAÑOL |
| 650 ## - Materia general | |
| Temática (materia general) | PORTUGUÉS |
| 650 ## - Materia general | |
| Temática (materia general) | DICCIONARIOS |
| 650 ## - Materia general | |
| Temática (materia general) | ENSEÑANZA |
| 942 ## - Punto de acceso adicional KOHA | |
| Tipo de ítem KOHA | Referencia |
| Fuente del sistema de clasificación o colocación | Dewey Decimal Classification |
| Signatura completa | Código de barras | Tipo de ítem |
|---|---|---|
| R 469.361 D545d | 20107 | Referencia |
| R 469.361 D545d | 20108 | Referencia |